000 00443cam a2200181ua 4500
020 _cRs 3.00
041 _ahin
_h
082 _a891.54
_bTEJ/HR
100 _aTejrani, Padak.
245 _aHriday ka Kantta /
_cTejrani Padak.
_hTextual Documents
250 _a1 /
_b.
260 _aNew Delhi :
_bNational Publishing House ,
_c1962.
300 _a200 ; .
365 _aRs 3.00
504 _a
942 _cBK
999 _c3594
_d3594